| 000 | 01685cam a22004814i 4500 | ||
|---|---|---|---|
| 003 | PE-LiUPU | ||
| 005 | 20250731173028.0 | ||
| 008 | 150623s r 000 0 d | ||
| 020 | _a1565631684 | ||
| 035 | _a(Sirsi) i9781565631687 | ||
| 040 |
_aPE-LiUPU _bspa _cPE-LiUPU _erda |
||
| 049 | _aPRUA | ||
| 082 | 0 | 4 |
_a221.61 _bM28 _221 |
| 100 | 1 |
_aMatthews, Victor Harold, _eautor. |
|
| 245 | 1 | 4 |
_aThe Old Testament: text and context. _n322 / _cVíctor Harold Matthews. |
| 264 | 1 |
_aPeabody, MA. : _bHendrickson Publishers, _c1997. |
|
| 300 |
_a308 páginas : _bilustraciones fotos, gráficos ; _c25 centímetros |
||
| 336 |
_atext _2rdacontent |
||
| 337 |
_aunmediated _2rdamedia |
||
| 338 |
_avolume _2rdacarrier |
||
| 504 | _a"Glosario": p.281-290. | ||
| 505 | 0 | _aThe premonarchic period. -The monarchic period. -The exile and the persian perid. -the hellenistic period. | |
| 526 | _aSEG42 | ||
| 526 | _aSEG41 | ||
| 526 | _aSEG40 | ||
| 526 | _aSEG39 | ||
| 526 | _aP94 | ||
| 526 | _aP87 | ||
| 526 | _aP86 | ||
| 526 | _aP85 | ||
| 526 | _aP77 | ||
| 526 | _aP76 | ||
| 526 | _aP35 | ||
| 630 |
_aBiblia. _pA.T. _xCrítica, interpretación, etc. |
||
| 630 |
_aBiblia. _pA.T. _xHistoria de eventos bíblicos. |
||
| 700 | 1 | _aMoyer, James C. | |
| 942 |
_2ddc _cBOOK |
||
| 949 |
_a221.61 M28 322 _wDEWEY _c1 _i48042 _lCCODEBUL1 _mBUL _r0 _sY _tBOOK _u2015-6-24 _xTEOLOGIA _PP35 _0COMPRA _o.STAFF. Colección General |
||
| 994 |
_aC0 _bPEPRU |
||
| 596 | _a1 | ||
| 999 |
_a221.61 M28 322 _wDEWEY _c24624 _i48042 _f2021-11-9 _g5 _lCCODEBUL1 _mBUL _r0 _sY _tBOOK _u2015-6-24 _xTEOLOGIA _PP35 _0COMPRA _o.STAFF. Colección General _d24624 |
||
| 980 |
_81 _gALBERTO SANCHEZ Responsable de Automatización |
||